[Event "Lichtenberger Sommer 2019"]
[Site "Berlin"]
[Date "2019.08.22"]
[Round "6.31"]
[White "Keusch, Horst"]
[Black "Willich, Manfred"]
[Result "1-0"]
[WhiteElo "2001"]
[BlackElo "1871"]
[PlyCount "81"]
[EventDate "2019.??.??"]
[WhiteTeam "SC Friesen Lichtenberg"]
[BlackTeam "SK Turm Bad Hersfeld"]

1. f4 d5 2. Nf3 g6 3. g3 Bg7 4. Bg2 c5 5. O-O Nf6 6. d3 Nc6 7. c3 O-O 8. Na3 b6
9. Qc2 Bb7 10. e4 d4 11. c4 a6 12. Qe2 Ne8 13. Nc2 e5 14. Nce1 Nd6 15. fxe5
Nxe5 16. Nxe5 Bxe5 17. Bh6 Bg7 18. Qd2 Qd7 19. Nf3 Rae8 20. Rf2 f6 21. Bxg7
Kxg7 22. Re2 Nf7 23. Rf1 Ne5 24. Ref2 Ng4 25. Bh3 h5 26. Bxg4 hxg4 27. Nh4 b5
28. b3 Qe6 29. cxb5 axb5 30. Qd1 c4 31. bxc4 bxc4 32. Rf4 Bc8 33. dxc4 Qxc4 34.
Qd2 g5 35. Nf5+ Bxf5 36. Rxf5 Rxe4 37. Rxg5+ Kf7 38. Rgf5 Ke6 39. Qh6 Kd7 40.
Qxf8 Qxa2 41. Qg7+ 1-0

[Event "Lichtenberger Sommer 2019"]
[Site "Berlin"]
[Date "2019.08.22"]
[Round "6.32"]
[White "Jachym, Adam"]
[Black "Kievelitz, Bernd"]
[Result "1-0"]
[WhiteElo "1994"]
[BlackElo "1850"]
[PlyCount "73"]
[EventDate "2019.??.??"]
[WhiteTeam "OKSZ Spolem Opole"]
[BlackTeam "SC Zitadelle Spandau"]

1. e4 c5 2. Nf3 e6 3. c3 Nf6 4. Bd3 Qc7 5. Bc2 c4 6. b3 d5 7. exd5 exd5 8. O-O
Bg4 9. Re1+ Be7 10. Ba3 Nc6 11. Qe2 Bxf3 12. Qxf3 O-O 13. Bxe7 Nxe7 14. Na3 Ng6
15. Nb5 Qb6 16. Nd4 Rfe8 17. bxc4 dxc4 18. Reb1 Qd6 19. Rxb7 Qd5 20. Qxd5 Nxd5
21. g3 a5 22. Rab1 Nge7 23. f3 g6 24. Kf2 Rac8 25. R1b5 Red8 26. Rxa5 Nc6 27.
Nxc6 Rxc6 28. Be4 Rcd6 29. Bxd5 Rxd5 30. Rxd5 Rxd5 31. Rb2 Kg7 32. a4 Kf6 33.
Ke3 Rd3+ 34. Ke2 Rd6 35. a5 Ke7 36. Ra2 Ra6 37. Ke3 1-0

[Event "Lichtenberger Sommer 2019"]
[Site "Berlin"]
[Date "2019.08.22"]
[Round "6.33"]
[White "Schabe, Felix"]
[Black "Neuwald, Volker"]
[Result "1-0"]
[WhiteElo "1984"]
[BlackElo "1774"]
[PlyCount "63"]
[EventDate "2019.??.??"]
[WhiteTeam "SV Empor Berlin"]
[BlackTeam "SK Ottenau"]

1. Nf3 d5 2. g3 Nf6 3. Bg2 e6 4. c4 c6 5. b3 Be7 6. O-O O-O 7. Bb2 Nbd7 8. d3
b6 9. Nc3 Bb7 10. Rc1 Rc8 11. Qd2 c5 12. e3 Bc6 13. Rfd1 dxc4 14. dxc4 Qc7 15.
e4 Rfd8 16. Qe2 Ng4 17. Nd5 Bxd5 18. exd5 Qd6 19. Re1 Bf6 20. dxe6 Qxe6 21.
Qxe6 fxe6 22. Bxf6 Ngxf6 23. Rxe6 Nf8 24. Re7 Rd7 25. Rxd7 N8xd7 26. h3 h6 27.
Nh4 Re8 28. Kf1 Ne5 29. f4 Ned7 30. Rd1 Kf8 31. Bc6 Re7 32. Ng6+ 1-0

[Event "Lichtenberger Sommer 2019"]
[Site "Berlin"]
[Date "2019.08.22"]
[Round "6.34"]
[White "Schilly, Hans-Joachim"]
[Black "Nöldner, Julian"]
[Result "0-1"]
[WhiteElo "1739"]
[BlackElo "1975"]
[PlyCount "52"]
[EventDate "2019.??.??"]
[WhiteTeam "SF Siemensstadt"]
[BlackTeam "SV Empor Berlin"]

1. c4 e6 2. d4 f5 3. e3 Nf6 4. Nc3 b6 5. f4 Bb7 6. Nf3 Be7 7. Be2 O-O 8. O-O
Qe8 9. a3 d6 10. b4 Nbd7 11. Bb2 Ng4 12. Qd2 Rf6 13. h3 Rh6 14. d5 Qg6 15. Ng5
Bxg5 16. fxg5 Qxg5 17. hxg4 fxg4 18. Ne4 Qh4 19. Qd4 e5 20. Qd3 g3 21. Nxg3
Qxg3 22. Rf3 Qh2+ 23. Kf1 Nf6 24. Qf5 Bc8 25. Rh3 Bxf5 26. Rxh2 Rxh2 0-1

[Event "Lichtenberger Sommer 2019"]
[Site "Berlin"]
[Date "2019.08.22"]
[Round "6.35"]
[White "Schmidt, Fabian"]
[Black "Hirsch, Christian"]
[Result "1/2-1/2"]
[WhiteElo "1952"]
[BlackElo "1726"]
[PlyCount "53"]
[EventDate "2019.??.??"]
[WhiteTeam "Königsjäger Süd-West"]
[BlackTeam "SF Haselmühl/Amberg"]

1. e4 c6 2. d4 d5 3. Nd2 dxe4 4. Nxe4 Bf5 5. Ng3 Bg6 6. Nf3 Nd7 7. h4 h6 8. Bd3
Bxd3 9. Qxd3 e6 10. Bd2 Ngf6 11. O-O-O Qc7 12. Qe2 Bd6 13. Nf5 O-O-O 14. Nxd6+
Qxd6 15. Kb1 Qe7 16. Ne1 Rhe8 17. f4 h5 18. Nd3 Ng4 19. g3 f6 20. Rhe1 Kb8 21.
f5 e5 22. dxe5 Ndxe5 23. Bf4 Kc8 24. Bxe5 fxe5 25. Nf2 Nxf2 26. Rxd8+ Rxd8 27.
Qxf2 1/2-1/2

[Event "Lichtenberger Sommer 2019"]
[Site "Berlin"]
[Date "2019.08.22"]
[Round "6.36"]
[White "Bauder, Herbert"]
[Black "Morczynski, Joachim"]
[Result "1-0"]
[WhiteElo "1947"]
[BlackElo "1701"]
[PlyCount "115"]
[EventDate "2019.??.??"]
[WhiteTeam "Lasker Steglitz-Wilmersdorf"]
[BlackTeam "SK Zehlendorf"]

1. d4 Nf6 2. Nf3 g6 3. c4 Bg7 4. Nc3 O-O 5. e4 d6 6. Be2 e5 7. O-O Na6 8. Re1
c6 9. Rb1 exd4 10. Nxd4 Re8 11. f3 d5 12. cxd5 cxd5 13. Bb5 Bd7 14. e5 Nh5 15.
Bxd7 Qxd7 16. f4 Bh6 17. Qf3 f6 18. g4 fxe5 19. fxe5 Bxc1 20. Rbxc1 Ng7 21.
Qxd5+ Qxd5 22. Nxd5 Kh8 23. Nc7 Nxc7 24. Rxc7 Rad8 25. Nf3 Rd3 26. Ng5 Rd4 27.
Nf7+ Kg8 28. Nh6+ Kh8 29. Rxb7 Ra4 30. Rf1 Ra5 31. Rff7 Raxe5 32. Rxg7 Re1+ 33.
Kg2 R1e2+ 34. Kg3 R8e3+ 35. Kf4 Re4+ 36. Kg5 Re5+ 37. Nf5 gxf5 38. Rxh7+ Kg8
39. Rbg7+ Kf8 40. Rf7+ Kg8 41. gxf5 Ra5 42. Rfg7+ Kf8 43. Rxa7 Rxa7 44. Rxa7
Rxb2 45. h4 Rg2+ 46. Kf6 Kg8 47. h5 Rh2 48. Kg6 Rg2+ 49. Kh6 Rf2 50. Ra5 Kf7
51. Kh7 Rc2 52. h6 Rc7 53. Ra6 Rb7 54. Rg6 Kf8+ 55. Rg7 Rb6 56. Ra7 Rf6 57. a4
Rxf5 58. Kg6 1-0

[Event "Lichtenberger Sommer 2019"]
[Site "Berlin"]
[Date "2019.08.22"]
[Round "6.37"]
[White "Metzinger, Hannes"]
[Black "Kandeler, Christian"]
[Result "1-0"]
[WhiteElo "1917"]
[BlackElo "1650"]
[PlyCount "47"]
[EventDate "2019.??.??"]
[WhiteTeam "SK Ottenau"]
[BlackTeam "TSG Oberschöneweide"]

1. e4 c6 2. c4 d5 3. cxd5 cxd5 4. exd5 Nf6 5. Nc3 Nxd5 6. Nf3 Nc6 7. Bb5 a6 8.
Qa4 Bd7 9. Nxd5 e6 10. Ne3 axb5 11. Qxb5 Nb4 12. Qc4 Rc8 13. Qe2 Qb6 14. d3
Nxa2 15. Nc4 Qb3 16. O-O Nxc1 17. Rfxc1 Be7 18. Nfe5 Bc6 19. Qh5 O-O 20. Rc3
Qb4 21. d4 h6 22. Rg3 Kh7 23. Nxf7 Qxc4 24. Qg6+ 1-0

[Event "Lichtenberger Sommer 2019"]
[Site "Berlin"]
[Date "2019.08.22"]
[Round "6.38"]
[White "Eisheh, Jens-Tarek"]
[Black "Verbitsky, Jaroslaw"]
[Result "1-0"]
[WhiteElo "1779"]
[BlackElo "1917"]
[PlyCount "61"]
[EventDate "2019.??.??"]
[WhiteTeam "Lübecker SV"]
[BlackTeam "SV Mattnetz Berlin"]

1. e4 c6 2. d4 d5 3. exd5 cxd5 4. Bd3 Nc6 5. c3 Nf6 6. Bf4 Bg4 7. Qb3 Na5 8.
Qa4+ Bd7 9. Qd1 Qb6 10. Qe2 Bg4 11. Nf3 e6 12. O-O Be7 13. b4 Nc6 14. Nbd2 O-O
15. h3 Bf5 16. Bxf5 exf5 17. b5 Rfe8 18. bxc6 Bd6 19. cxb7 Rxe2 20. bxa8=Q+ Re8
21. Qxe8+ Nxe8 22. Rfe1 Kf8 23. Rab1 Qc7 24. Bxd6+ Qxd6 25. Nb3 Nf6 26. Re5 Ne4
27. c4 dxc4 28. Nc5 Nf6 29. Rc1 g5 30. Rxf5 g4 31. Rxf6 1-0

[Event "Lichtenberger Sommer 2019"]
[Site "Berlin"]
[Date "2019.08.22"]
[Round "6.39"]
[White "Ellert, Stefan"]
[Black "Landt, Stefan"]
[Result "0-1"]
[WhiteElo "1580"]
[BlackElo "1910"]
[PlyCount "52"]
[EventDate "2019.??.??"]
[WhiteTeam "SV Empor Berlin"]
[BlackTeam "SC Kreuzberg"]

1. d4 Nf6 2. e3 d5 3. Bd3 c5 4. c3 Nc6 5. f4 Bg4 6. Nf3 c4 7. Bc2 Ne4 8. O-O f5
9. Nbd2 e6 10. Qe1 Be7 11. Ba4 Bxf3 12. Nxf3 Qa5 13. Bc2 Qd8 14. Bxe4 fxe4 15.
Ne5 Nxe5 16. fxe5 Rf8 17. Qg3 Rxf1+ 18. Kxf1 Kf7 19. Qh3 Qg8 20. b3 b5 21. Rb1
Rb8 22. b4 Rf8 23. Ke2 Ke8 24. Bd2 Qf7 25. Be1 Qf1+ 26. Kd1 Rf2 0-1

[Event "Lichtenberger Sommer 2019"]
[Site "Berlin"]
[Date "2019.08.22"]
[Round "6.40"]
[White "Niehaus, Frank"]
[Black "Ho, Ngoc Hai-Dang"]
[Result "1/2-1/2"]
[WhiteElo "2143"]
[BlackElo "1642"]
[PlyCount "79"]
[EventDate "2019.??.??"]
[WhiteTeam "SK König Tegel"]
[BlackTeam "SV Mattnetz Berlin"]

1. e4 e5 2. Nf3 Nc6 3. Bb5 a6 4. Ba4 Nf6 5. O-O Nxe4 6. d4 b5 7. Bb3 d5 8. dxe5
Be6 9. Nbd2 Bf5 10. c3 Bc5 11. Bc2 Bg6 12. Nb3 Bb6 13. Qe2 Qe7 14. Be3 Bxe3 15.
Qxe3 O-O 16. Rfe1 Rfe8 17. a4 b4 18. Rad1 Rad8 19. Nbd4 Na5 20. cxb4 Qxb4 21.
Bd3 c5 22. Ne2 c4 23. Bxe4 dxe4 24. Nfd4 Rxe5 25. Nc2 Qb8 26. Qa7 Re6 27. Qc5
Rxd1 28. Rxd1 Nb7 29. Qb4 Rd6 30. Rd4 Rxd4 31. Ncxd4 Qc7 32. Nc3 h6 33. h3 Kh7
34. Nd5 Qc5 35. Qxc5 Nxc5 36. Ne3 Nxa4 37. Nxc4 f6 38. b3 Nc5 39. Nd6 Kg8 40.
b4 1/2-1/2

[Event "Lichtenberger Sommer 2019"]
[Site "Berlin"]
[Date "2019.08.22"]
[Round "6.41"]
[White "Ziems, Michael"]
[Black "Sieglen, Joachim"]
[Result "0-1"]
[WhiteElo "1820"]
[BlackElo "2218"]
[PlyCount "86"]
[EventDate "2019.??.??"]
[WhiteTeam "SV Empor Berlin"]
[BlackTeam "SC Untergrombach"]

1. d4 Nf6 2. c4 c5 3. dxc5 e6 4. Nc3 Bxc5 5. e3 O-O 6. Nf3 a6 7. a3 b6 8. b4
Be7 9. Be2 Bb7 10. Bb2 d6 11. O-O Nbd7 12. Rc1 Qc7 13. Nb1 Rfd8 14. Nbd2 Rac8
15. Nb3 Qb8 16. Nbd4 Bf8 17. h3 Qa8 18. Re1 Ne4 19. Qb3 e5 20. Nc2 a5 21. Red1
Ndf6 22. Nce1 Bc6 23. Ra1 Bd7 24. Nh2 Be7 25. Ng4 Be6 26. Nxf6+ Nxf6 27. Rac1
axb4 28. axb4 b5 29. Nf3 Nd7 30. Nd2 Nb6 31. Bf3 bxc4 32. Bxa8 cxb3 33. Bc6 f6
34. b5 Na4 35. Rb1 Kf8 36. e4 d5 37. Nxb3 d4 38. Na5 Rb8 39. Nb7 Rdc8 40. Bxd4
exd4 41. Rxd4 Nc3 42. Rb2 Nxb5 43. Bxb5 Rxb7 0-1

[Event "Lichtenberger Sommer 2019"]
[Site "Berlin"]
[Date "2019.08.22"]
[Round "6.42"]
[White "Hahlbohm, Matthias"]
[Black "Bandsom, Olaf"]
[Result "1-0"]
[WhiteElo "2041"]
[BlackElo "1784"]
[PlyCount "67"]
[EventDate "2019.??.??"]
[WhiteTeam "TSG Oberschöneweide"]
[BlackTeam "SC Friesen Lichtenberg"]

1. e4 e5 2. Nf3 Nc6 3. Bb5 a6 4. Ba4 Be7 5. O-O Nf6 6. Re1 d6 7. h3 O-O 8. c3
Bd7 9. d4 b5 10. Bc2 Ne8 11. Nbd2 exd4 12. cxd4 Qc8 13. Nf1 Nd8 14. Ng3 c6 15.
Be3 Nc7 16. Rc1 Re8 17. Bb3 Qb7 18. Nh2 d5 19. e5 Nce6 20. f4 Bh4 21. Nhf1 g6
22. Qd2 Ng7 23. Bf2 Nf5 24. Bc2 Nxg3 25. Bxg3 Bxg3 26. Nxg3 Qc8 27. f5 Bxf5 28.
Bxf5 gxf5 29. Qg5+ Kf8 30. Nxf5 Ne6 31. Qh6+ Kg8 32. Rc3 Kh8 33. Qf6+ Kg8 34.
Rg3+ 1-0

[Event "Lichtenberger Sommer 2019"]
[Site "Berlin"]
[Date "2019.08.22"]
[Round "6.43"]
[White "Becker, Werner"]
[Black "Barwich, Andreas"]
[Result "1/2-1/2"]
[WhiteElo "1758"]
[BlackElo "1951"]
[PlyCount "85"]
[EventDate "2019.??.??"]
[WhiteTeam "SC Rochade (Berlin)"]
[BlackTeam "SV Berolina Mitte"]

1. d4 d5 2. Nf3 Nf6 3. c4 e6 4. Nc3 c6 5. cxd5 exd5 6. Bf4 Bd6 7. Bxd6 Qxd6 8.
e3 Bf5 9. Be2 O-O 10. O-O h6 11. Rc1 Nbd7 12. h3 Rfe8 13. Re1 Ne4 14. Nxe4 dxe4
15. Nh2 Nf6 16. Qb3 Rab8 17. Rc5 Be6 18. Qa4 a6 19. a3 Nd5 20. Rec1 f5 21. Qc2
Rec8 22. Nf1 Kh8 23. f3 Nf6 24. Re5 Nd7 25. Ra5 Bd5 26. Bc4 Nf6 27. Bxd5 cxd5
28. Qxc8+ Rxc8 29. Rxc8+ Kh7 30. Rac5 exf3 31. gxf3 f4 32. Kf2 fxe3+ 33. Nxe3
Qh2+ 34. Ng2 Nh5 35. Kf1 Qxh3 36. Rf8 Qh1+ 37. Kf2 Qb1 38. Rxd5 Qxb2+ 39. Kg1
Nf6 40. Rdd8 Qxa3 41. Nh4 Qe3+ 42. Kf1 Qc1+ 43. Ke2 1/2-1/2

[Event "Lichtenberger Sommer 2019"]
[Site "Berlin"]
[Date "2019.08.22"]
[Round "6.44"]
[White "Zesewitz, Maik"]
[Black "Schubert, Joachim"]
[Result "1-0"]
[WhiteElo "1742"]
[BlackElo "1923"]
[PlyCount "101"]
[EventDate "2019.??.??"]
[WhiteTeam "SF Friedrichshagen"]
[BlackTeam "SC Friesen Lichtenberg"]

1. f4 e6 2. Nf3 g6 3. e3 Bg7 4. d4 Nf6 5. Bd3 c5 6. c3 cxd4 7. cxd4 Qb6 8. O-O
O-O 9. Nbd2 d5 10. Ne5 Nc6 11. a3 Nd7 12. Ndf3 Ndxe5 13. fxe5 Bd7 14. Bd2 f5
15. Bc3 h6 16. Qe1 g5 17. b4 Ne7 18. a4 Qd8 19. b5 Qe8 20. Bb4 Rf7 21. h4 g4
22. Nd2 Bf8 23. Nb3 b6 24. Rf2 Rg7 25. g3 Rc8 26. Rc1 Kh8 27. Rfc2 Rxc2 28.
Rxc2 Qb8 29. Bd6 Qa8 30. Rc7 Ng6 31. Qb4 Kg8 32. Bxf8 Nxf8 33. Qd6 Rf7 34. Nc1
Be8 35. Rxf7 Kxf7 36. Qc7+ Nd7 37. Na2 Qb8 38. Qc1 Qd8 39. Nb4 Nb8 40. Qc2 Qe7
41. Qb1 Qc7 42. Bxf5 exf5 43. Qxf5+ Kg7 44. Qxg4+ Kh7 45. Nxd5 Qc1+ 46. Kh2
Qc2+ 47. Kh3 Qc4 48. Nf6+ Kh8 49. Qf5 Qf7 50. Qc8 Qd7+ 51. Nxd7 1-0

[Event "Lichtenberger Sommer 2019"]
[Site "Berlin"]
[Date "2019.08.22"]
[Round "6.45"]
[White "Bender, Sebastian"]
[Black "Schindler, Rudolf"]
[Result "1-0"]
[WhiteElo "1911"]
[BlackElo "1780"]
[PlyCount "141"]
[EventDate "2019.??.??"]
[WhiteTeam "SC Zugzwang 95 (Berlin)"]
[BlackTeam "Lasker Steglitz-Wilmersdorf"]

1. e4 d6 2. d4 Nf6 3. Nc3 c6 4. f4 Qa5 5. Bd3 e5 6. Nf3 exd4 7. Nxd4 Be7 8. h3
d5 9. e5 Ne4 10. Bxe4 Bh4+ 11. Kf1 dxe4 12. Nxe4 O-O 13. Be3 b6 14. Kg1 c5 15.
Nb3 Qa4 16. Nd6 Bd7 17. Nd2 Nc6 18. c3 Qa6 19. Qf1 Bc8 20. Qxa6 Bxa6 21. g4 Bd8
22. N2c4 Bc7 23. Rd1 Rad8 24. Kf2 Rd7 25. Kf3 Rfd8 26. Rde1 b5 27. Na3 Bxd6 28.
exd6 b4 29. Bxc5 bxa3 30. Bxa3 Bb7 31. Kg3 Na5 32. Rh2 Nc4 33. Rhe2 f6 34. Bc5
Bc6 35. f5 Ne5 36. Re3 Bb5 37. b3 Nd3 38. Re8+ Rxe8 39. Rxe8+ Kf7 40. Rb8 Nxc5
41. Rxb5 Ne4+ 42. Kf4 Nxd6 43. Ra5 Ke7 44. c4 Nf7 45. h4 Rc7 46. g5 Nd8 47. Ra6
Nc6 48. Ke4 Kd6 49. gxf6 gxf6 50. b4 Ke7 51. a3 h5 52. c5 Nb8 53. Re6+ Kf7 54.
Kd5 Rd7+ 55. Rd6 Re7 56. Rd8 Nd7 57. Rh8 Re2 58. Rh7+ Ke8 59. Rxh5 Ne5 60. Rh8+
Ke7 61. Rh7+ Nf7 62. Kc6 Ra2 63. Rg7 Rh2 64. Kb7 Kf8 65. Rxf7+ Kxf7 66. c6 Rxh4
67. c7 Rc4 68. c8=Q Rxc8 69. Kxc8 Kg7 70. Kd7 Kf7 71. a4 1-0

[Event "Lichtenberger Sommer 2019"]
[Site "Berlin"]
[Date "2019.08.22"]
[Round "6.46"]
[White "Guder, Sibylle"]
[Black "Hoffbauer, Jörg"]
[Result "1-0"]
[WhiteElo "1893"]
[BlackElo "1773"]
[PlyCount "87"]
[EventDate "2019.??.??"]
[WhiteTeam "SF 1903 Berlin"]
[BlackTeam "SF 1903 Berlin"]

1. g3 d5 2. Bg2 e5 3. c4 c6 4. b3 Nf6 5. Bb2 d4 6. d3 c5 7. Nf3 Nc6 8. O-O Bd6
9. e3 O-O 10. a3 a5 11. Qc2 Ng4 12. exd4 exd4 13. Nbd2 f5 14. Rae1 Qf6 15. Bc1
Qg6 16. Re2 Qh5 17. Rfe1 Bd7 18. Nf1 f4 19. gxf4 Bxf4 20. Bxf4 Rxf4 21. Ng3 Qg6
22. h3 Nh6 23. Ne5 Nxe5 24. Rxe5 Nf5 25. Qd2 Rh4 26. Be4 Rf8 27. Kh2 Qg4 28.
Bd5+ Kh8 29. Bg2 Nh6 30. R1e4 Rxh3+ 31. Bxh3 Qxh3+ 32. Kg1 Ng4 33. Rh5 Rxf2 34.
Qxf2 Nxf2 35. Kxf2 g6 36. Rxh3 Bxh3 37. Re8+ Kg7 38. Re7+ Kh6 39. Rxb7 Bg4 40.
Rb5 Bd1 41. Rxc5 Bxb3 42. Rxa5 Bc2 43. Ke2 g5 44. Nf5+ 1-0

[Event "Lichtenberger Sommer 2019"]
[Site "Berlin"]
[Date "2019.08.22"]
[Round "6.47"]
[White "Alten, Silvio"]
[Black "Glienke, Michael"]
[Result "1-0"]
[WhiteElo "1883"]
[BlackElo "1754"]
[PlyCount "71"]
[EventDate "2019.??.??"]
[WhiteTeam "SV Mattnetz Berlin"]
[BlackTeam "SC Kreuzberg"]

1. e4 c5 2. Nf3 Nc6 3. Bb5 g6 4. Bxc6 bxc6 5. d3 Bg7 6. O-O Nf6 7. c4 Qc7 8. h3
O-O 9. Nc3 d6 10. Qe2 Nd7 11. Be3 Ne5 12. Nh2 Qb6 13. Rab1 Qa5 14. Bd2 Qc7 15.
f4 Nd7 16. g4 Re8 17. Kh1 Kh8 18. g5 Nf8 19. Ng4 f5 20. gxf6 exf6 21. Qg2 f5
22. Ne3 fxe4 23. dxe4 Ne6 24. f5 gxf5 25. Nxf5 Rg8 26. Nxg7 Nxg7 27. Qh2 Be6
28. b3 Qe7 29. Bf4 Rad8 30. Rbd1 Nh5 31. Rxd6 Nxf4 32. Rxd8 Qxd8 33. Qxf4 Qd3
34. Qe5+ Rg7 35. Rf8+ Bg8 36. Rxg8+ 1-0

[Event "Lichtenberger Sommer 2019"]
[Site "Berlin"]
[Date "2019.08.22"]
[Round "6.48"]
[White "Muskewitz, Bernd"]
[Black "Jugert, Ole"]
[Result "1/2-1/2"]
[WhiteElo "1879"]
[BlackElo "1739"]
[PlyCount "75"]
[EventDate "2019.??.??"]
[WhiteTeam "SF Nordost Berlin"]
[BlackTeam "SK Zehlendorf"]

1. d4 d5 2. Nf3 e6 3. c4 c6 4. e3 Bd6 5. Nc3 f5 6. Be2 Nf6 7. O-O O-O 8. c5 Bc7
9. b4 Nbd7 10. a4 b6 11. Bb2 a5 12. cxb6 Bxb6 13. Ba3 axb4 14. Bxb4 c5 15. dxc5
Bxc5 16. Bxc5 Nxc5 17. Qc2 Qa5 18. Rfb1 Ba6 19. Bxa6 Nxa6 20. Rb5 Qc7 21. Qb3
Rfc8 22. Ne2 Nc5 23. Qb4 Rxa4 24. Rxa4 Nxa4 25. g3 Nc5 26. Ned4 Nfe4 27. Qa3 e5
28. Nxe5 Qxe5 29. f3 Nd6 30. Rxc5 Rxc5 31. Qxc5 Qxe3+ 32. Kg2 Qe5 33. Qa7 h6
34. Kh3 Nf7 35. f4 Qe1 36. Qa8+ Kh7 37. Qxd5 Qf1+ 38. Qg2 1/2-1/2

[Event "Lichtenberger Sommer 2019"]
[Site "Berlin"]
[Date "2019.08.22"]
[Round "6.49"]
[White "Reck, Jessica"]
[Black "Grassi, Fabrizio"]
[Result "1/2-1/2"]
[WhiteElo "1649"]
[BlackElo "1861"]
[PlyCount "47"]
[EventDate "2019.??.??"]
[WhiteTeam "SK König Tegel"]
[BlackTeam "SV Berlin-Friedrichstadt"]

1. e4 d5 2. exd5 Nf6 3. d4 Nxd5 4. Bc4 Nc6 5. c3 Bf5 6. Nf3 e6 7. O-O Be7 8.
Nbd2 O-O 9. Re1 Nf6 10. h3 h6 11. Bb3 a5 12. Nc4 b5 13. Nce5 Nxe5 14. Nxe5 Ra6
15. Qf3 a4 16. Bd1 Nd5 17. Be2 Rb6 18. a3 c5 19. Be3 c4 20. Bf1 Bd6 21. Rad1
Qc7 22. g3 Rbb8 23. Bg2 Nf6 24. Bc1 1/2-1/2

[Event "Lichtenberger Sommer 2019"]
[Site "Berlin"]
[Date "2019.08.22"]
[Round "6.50"]
[White "Khojoyan, Martin"]
[Black "Bunkens, Rudi"]
[Result "1-0"]
[WhiteElo "1850"]
[BlackElo "1724"]
[PlyCount "89"]
[EventDate "2019.??.??"]
[WhiteTeam "SV Motor Wildau"]
[BlackTeam "Koninklijke Gentse SK"]

1. d4 Nf6 2. Nf3 g6 3. Bf4 d6 4. e3 Bg7 5. Bd3 Nbd7 6. h3 c5 7. O-O O-O 8. c3
b6 9. e4 Bb7 10. d5 Ne8 11. Qd2 Nc7 12. Re1 b5 13. Bh6 Nf6 14. Bxg7 Kxg7 15. b3
a6 16. c4 b4 17. Ng5 h6 18. Nf3 a5 19. Qb2 e5 20. Nbd2 Nh5 21. g3 Qd7 22. Bf1
f5 23. exf5 Rxf5 24. g4 Rxf3 25. Nxf3 Rf8 26. Nxe5 dxe5 27. gxh5 gxh5 28. Rxe5
Kg8 29. Rxh5 Qh7 30. Qe5 Qg6+ 31. Qg3 Rf6 32. Qxg6+ Rxg6+ 33. Bg2 Ne8 34. Re1
Nd6 35. Re6 Kf7 36. Rxh6 Rxh6 37. Rxh6 Ke7 38. h4 Bc8 39. Kh2 Bf5 40. Bh3 Bb1
41. Re6+ Kd7 42. h5 Kc7 43. h6 Bf5 44. Bxf5 Nxf5 45. h7 1-0

[Event "Lichtenberger Sommer 2019"]
[Site "Berlin"]
[Date "2019.08.22"]
[Round "6.51"]
[White "Bergmann, Jens"]
[Black "Bellomo, Riccardo"]
[Result "0-1"]
[WhiteElo "1829"]
[BlackElo "1677"]
[PlyCount "171"]
[EventDate "2019.??.??"]
[WhiteTeam "SK Tempelhof 1931"]
[BlackTeam "SC Zugzwang 95 (Berlin)"]

1. e4 g6 2. d4 Bg7 3. Nf3 d6 4. Bf4 Bg4 5. c3 Nd7 6. Nbd2 e5 7. Be3 f5 8. Qb3
f4 9. h3 Bxf3 10. Nxf3 fxe3 11. fxe3 Nb6 12. h4 h6 13. dxe5 dxe5 14. Qe6+ Qe7
15. Qxg6+ Qf7 16. Qg4 Nf6 17. Qf5 Nfd7 18. Qh3 O-O-O 19. Bd3 Kb8 20. O-O Qe7
21. a4 Nc5 22. Be2 Nxe4 23. a5 Nd5 24. Ne1 Qc5 25. Nc2 Rhf8 26. Kh2 Nd2 27.
Rxf8 Rxf8 28. Qd7 Qe7 29. Qxe7 Nxe7 30. Rd1 Ne4 31. a6 Nd6 32. Kg1 Nef5 33. h5
e4 34. axb7 Bf6 35. Ba6 Bg5 36. Nb4 Nxb7 37. Rd5 Bxe3+ 38. Kh1 Nfd6 39. Nc6+
Ka8 40. Rd1 Bb6 41. b4 Bf2 42. g4 Bh4 43. c4 e3 44. c5 Ne4 45. Ra1 Nd8 46. Nxa7
e2 47. Bxe2 Ng3+ 48. Kg2 Nxe2 49. b5 Kb7 50. c6+ Kb6 51. Ra6+ Kc5 52. b6 Nxc6
53. bxc7 Nxa7 54. Rxh6 Nf4+ 55. Kh2 Rg8 56. Ra6 Nc8 57. h6 Rh8 58. g5 Bxg5 59.
Ra5+ Kc6 60. Rxg5 Rxh6+ 61. Kg3 Ne6 62. Rg8 Kxc7 63. Kf3 Ne7 64. Rg1 Rf6+ 65.
Ke4 Rf5 66. Rc1+ Nc5+ 67. Kd4 Kc6 68. Rh1 Ng6 69. Rh6 Rf4+ 70. Ke3 Rg4 71. Rh3
Kd5 72. Rh5+ Ne5 73. Rh8 Re4+ 74. Kf2 Rf4+ 75. Ke3 Rf3+ 76. Ke2 Ra3 77. Rd8+
Ke4 78. Kd2 Nc4+ 79. Ke2 Ra2+ 80. Kf1 Nd3 81. Kg1 Nce5 82. Re8 Kf3 83. Rf8+ Nf4
84. Rg8 Ng4 85. Rxg4 Kxg4 86. Kh1 0-1

[Event "Lichtenberger Sommer 2019"]
[Site "Berlin"]
[Date "2019.08.22"]
[Round "6.52"]
[White "Wadepfuhl, Jeremy"]
[Black "Hoyer, Olaf"]
[Result "0-1"]
[WhiteElo "1668"]
[BlackElo "1824"]
[PlyCount "80"]
[EventDate "2019.??.??"]
[WhiteTeam "Borussia Lichtenberg"]
[BlackTeam "SC BS Gliesmarode"]

1. b3 d6 2. Bb2 e5 3. e3 g6 4. d4 Nd7 5. Nf3 Bg7 6. c4 Nh6 7. Nc3 O-O 8. Be2 f5
9. dxe5 dxe5 10. O-O c6 11. b4 e4 12. Nd2 Ne5 13. Nb3 Qe7 14. c5 Rd8 15. Nd4
Be6 16. Rc1 Bf7 17. Qc2 Rd7 18. Rfd1 Rad8 19. a3 Qg5 20. Nb3 Nd3 21. Rb1 Ng4
22. Bc1 Ngxf2 23. Rf1 Nh3+ 24. Kh1 Ndf2+ 25. Rxf2 Nxf2+ 26. Kg1 Nd3 27. Bf1 Ne1
28. Qb2 Nd3 29. Qc2 Qf6 30. Ne2 Ne1 31. Qb2 Qe6 32. Nbd4 Qa2 33. Ra1 Qxb2 34.
Bxb2 Nd3 35. Bc3 Ne5 36. h3 Bc4 37. Nf4 Bf7 38. Rc1 Re8 39. Kf2 g5 40. Nfe2
Nd3+ 0-1

[Event "Lichtenberger Sommer 2019"]
[Site "Berlin"]
[Date "2019.08.22"]
[Round "6.53"]
[White "Andresen, Marc"]
[Black "Badestein, Hartmut"]
[Result "1/2-1/2"]
[WhiteElo "1554"]
[BlackElo "2042"]
[PlyCount "50"]
[EventDate "2019.??.??"]
[WhiteTeam "SC Falkensee"]
[BlackTeam "SC Friesen Lichtenberg"]

1. e4 c5 2. c3 g6 3. d4 Bg7 4. Nf3 cxd4 5. cxd4 d5 6. e5 Nc6 7. Nc3 Bg4 8. Be2
Bxf3 9. Bxf3 e6 10. O-O Qb6 11. Be3 Nge7 12. Na4 Qd8 13. Bg4 Nf5 14. Bxf5 exf5
15. Qb3 O-O 16. Qxb7 Na5 17. Qb4 Rb8 18. Qe1 Nc4 19. b3 Nb6 20. Nc5 Nd7 21. Nd3
Re8 22. Qd2 Nf8 23. Rfc1 Ne6 24. Nf4 Bf8 25. Rc6 Qd7 1/2-1/2

[Event "Lichtenberger Sommer 2019"]
[Site "Berlin"]
[Date "2019.08.22"]
[Round "6.54"]
[White "Woinowski, Michael"]
[Black "Groot, Patrick"]
[Result "0-1"]
[WhiteElo "1768"]
[BlackElo "1971"]
[PlyCount "72"]
[EventDate "2019.??.??"]
[WhiteTeam "SC Kreuzberg"]
[BlackTeam "SF 1903 Berlin"]

1. e4 c5 2. Nf3 Nc6 3. Bb5 Qc7 4. O-O a6 5. Bxc6 Qxc6 6. Re1 d6 7. d4 cxd4 8.
Nxd4 Qc7 9. Nc3 e6 10. Bg5 Be7 11. Qg4 e5 12. Nf5 g6 13. Nd5 Qd8 14. Ng7+ Kf8
15. Bxe7+ Nxe7 16. Qh4 h5 17. Rad1 Nc6 18. Qxd8+ Nxd8 19. Nc7 Ra7 20. Nge8 b5
21. Rxd6 Ke7 22. Red1 Nb7 23. R6d5 f6 24. Ng7 Na5 25. Nce8 Nc6 26. c3 Rxe8 27.
Rc5 Rd8 28. Rxd8 Kxd8 29. Rxc6 Rxg7 30. Rxf6 Kc7 31. f4 exf4 32. e5 a5 33. e6
Kd6 34. Rxf4 Bxe6 35. Rd4+ Ke5 36. Rd8 Bxa2 0-1

[Event "Lichtenberger Sommer 2019"]
[Site "Berlin"]
[Date "2019.08.22"]
[Round "6.56"]
[White "Matitschka, Heinz"]
[Black "Seitz, Manuel"]
[Result "0-1"]
[WhiteElo "1930"]
[BlackElo "1764"]
[PlyCount "96"]
[EventDate "2019.??.??"]
[WhiteTeam "TSG Oberschöneweide"]
[BlackTeam "SC Falkensee"]

1. d4 Nf6 2. c4 e5 3. dxe5 Ng4 4. Bf4 Nc6 5. Nf3 Bb4+ 6. Nbd2 Qe7 7. e3 Ngxe5
8. Nxe5 Nxe5 9. Be2 O-O 10. O-O a5 11. a3 Bxd2 12. Qxd2 d6 13. Rac1 a4 14. c5
dxc5 15. Qc3 Ng6 16. Bg3 b6 17. Bf3 Ra7 18. Rfd1 Bb7 19. Bxb7 Rxb7 20. Qc4 Ra7
21. Qd5 h6 22. Qd7 Qxd7 23. Rxd7 Rc8 24. Rcd1 Kf8 25. h4 Ke8 26. h5 Nf8 27.
R7d5 c6 28. Re5+ Ne6 29. Bh4 Rd7 30. Rxd7 Kxd7 31. f4 f6 32. Re4 b5 33. f5 Nc7
34. Be1 Re8 35. Rg4 Re7 36. Kf2 Ne8 37. Rf4 Nd6 38. Rf3 Re5 39. g4 Re4 40. Kg3
Rc4 41. Rf1 Rc2 42. Bc3 Ne4+ 43. Kf4 Nxc3 44. bxc3 Rxc3 45. Ra1 b4 46. axb4
cxb4 47. Rxa4 b3 48. Rb4 c5 0-1